| 000 | 00365 a2200157 4500 | ||
|---|---|---|---|
| 001 | 71465 | ||
| 020 | _a8598553026 | ||
| 040 | _cAnchieta - Colégio São Paulo | ||
| 100 | _aCedraz, Antônio Luiz Ramos | ||
| 240 | 1 | 0 |
_aHistórias do Saci _lpor |
| 245 | 1 | 0 | _aHistórias do Saci |
| 300 | _a[14p.] | ||
| 362 | 0 | _a2004 | |
| 650 | 4 | _aLiteratura infantil | |
| 942 | _cBK | ||
| 999 |
_c71465 _d71465 |
||